| 000 | 00706nam a2200217 i 4500 | ||
|---|---|---|---|
| 001 | 105661 | ||
| 003 | ES-MaACL | ||
| 005 | 20230906183937.0 | ||
| 007 | t| | ||
| 008 | 060803s1958 ag ||||1| spa d | ||
| 080 | _a316.65 | ||
| 080 | _a316.77:32 | ||
| 080 | _a32:316.77 | ||
| 100 | 1 |
_aCossio, Carlos. _941012 |
|
| 245 | 1 | 3 |
_aLa opinión pública _b: I. Esencia ; II. El periodismo ; III. El cine, la radio y la televisión / _cCarlos Cossio. |
| 260 |
_aBuenos Aires : _bLosada, _c[1958] |
||
| 300 |
_a158 p. ; _c20 cm. |
||
| 650 | 1 | 4 |
_aOpinión pública. _915720 |
| 650 | 1 | 4 |
_aMedios de comunicación social- _xAspectos políticos. _914964 |
| 852 |
_aES-MaACL _jAND-477 _z- Biblioteca Juan Andrade |
||
| 999 |
_c105661 _d105661 |
||